000 00398nam a22001577a 4500
003 MPLRDC
005 20220104114049.0
008 210129b ||||| |||| 00| 0 eng d
082 _a192.8 WCC
100 _a王朝聪主编
245 _a历代名句欣赏
_c杨淳淳插画
260 _a
_b满庭芳出版社
_c1990
300 _b
650 _a格言; 箴言; 金言
942 _cBK
_o192.8 WCC
999 _c4534
_d4524